000 00517nam a22001937a 4500
003 MPLRDC
005 20220104143147.0
008 210129b ||||| |||| 00| 0 eng d
020 _a957-9184-34-8
082 _a857.62 JSMF v.6
100 _a苏.葛拉夫顿 SUE GRAFTON
245 _a亡命之徒
_c蔡小琦 译
250 _a初版
260 _a台湾
_b小知堂文化事业有限公司
_c1996
300 _b
490 _a金丝梅芳探案. 6
650 _a推理小说
942 _cBK
_o857.62 JSMF v.6
999 _c37202
_d37192